| Tag |
First Indicator |
Second Indicator |
Subfields |
| LEADER |
00000cam a22000001a 4500 |
| 001 |
in00003281421 |
| 006 |
m d f |
| 007 |
cr bn mmmapmmp |
| 008 |
101011s1978 dcu o f000 0 eng d |
| 005 |
20260430195656.3 |
| 035 |
|
|
|a cis2007811673
|
| 040 |
|
|
|a LexisNexis
|c LexisNexis
|d UtOrBLW
|
| 043 |
|
|
|a n-us---
|
| 099 |
|
|
|a CMP-1978-ISS-0003
|
| 100 |
1 |
|
|a Bayh, Birch,
|d 1928-2019.
|
| 245 |
1 |
0 |
|a Report to the Senate of Senator Birch Bayh, chairman, Select Committee on Intelligence, February 22, 1978.
|
| 264 |
|
1 |
|a [Washington, D.C.?] :
|b [publisher not identified],
|c [1978]
|
| 300 |
|
|
|a 1 online resource.
|
| 336 |
|
|
|a text
|b txt
|2 rdacontent
|
| 337 |
|
|
|a computer
|b c
|2 rdamedia
|
| 338 |
|
|
|a online resource
|b cr
|2 rdacarrier
|
| 500 |
|
|
|a Record is based on bibliographic data in LexisNexis U.S. Congressional Research Digital Collection. Reuse except for individual research requires license from LexisNexis.
|
| 500 |
|
|
|a Electronic resource.
|
| 650 |
|
0 |
|a Military intelligence
|z United States.
|
| 650 |
|
0 |
|a Military intelligence
|z Panama.
|
| 651 |
|
0 |
|a United States
|x Foreign relations
|z Panama.
|
| 651 |
|
0 |
|a Panama
|x Foreign relations
|z United States.
|
| 655 |
|
7 |
|a Electronic books.
|2 local
|
| 710 |
2 |
|
|a ProQuest (Firm)
|
| 710 |
1 |
|
|a United States.
|b Congress.
|b Senate.
|b Select Committee on Intelligence.
|
| 776 |
0 |
8 |
|i Print version:
|t Report to the Senate of Senator Birch Bayh, chairman, Select Committee on Intelligence, February 22, 1978
|z 82602155
|
| 776 |
0 |
8 |
|i Microfiche version:
|t Report to the Senate of Senator Birch Bayh, chairman, Select Committee on Intelligence, February 22, 1978
|d [Bethesda, Md.] : LexisNexis Academic & Library Solutions,1978.
|o CIS 78 S422-2
|w (LexisNexis)cis07802974
|
| 830 |
|
0 |
|a U.S. Congressional Research.
|
| 856 |
4 |
0 |
|u http://proxy.library.tamu.edu/login?url=https://congressional.proquest.com/congcomp/getdoc?CRDC-ID=CMP-1978-ISS-0003
|z Connect to the full text of this electronic book
|t 0
|
| 998 |
|
|
|a cis07802974
|
| 999 |
|
|
|a MARS
|
| 999 |
f |
f |
|s 883a8c5d-7cc9-3d3d-89d9-b14b873616c4
|i 9f0256b4-1106-377c-83b2-cc2b32bce3a5
|t 0
|
| 952 |
f |
f |
|a Texas A&M University
|b College Station
|c Electronic Resources
|s www_evans
|d Available Online
|t 0
|e CMP-1978-ISS-0003
|h Other scheme
|
| 998 |
f |
f |
|a CMP-1978-ISS-0003
|t 0
|l Available Online
|